Giáo trình phương pháp kiểm tra không phá hủy kim loại bằng tia Rơnghen và Gamma
Nội dung giới thiệu cách thăm dò khuyết tật kim loại bằng tia Rơnghen, Gamma, kỹ thuật chụp ảnh phóng xạ, kỹ thuật an toàn.
Na minha lista:
| Autor principal: | |
|---|---|
| Formato: | Livro |
| Idioma: | Undetermined |
| Publicado em: |
Hà Nội
Khoa học và Kỹ thuật
2009
|
| Assuntos: | |
| Tags: |
Adicionar Tag
Sem tags, seja o primeiro a adicionar uma tag!
|
| Thư viện lưu trữ: | Trung tâm Học liệu Trường Đại học Cần Thơ |
|---|
| LEADER | 00867nam a2200205Ia 4500 | ||
|---|---|---|---|
| 001 | CTU_161874 | ||
| 008 | 210402s9999 xx 000 0 und d | ||
| 020 | |c 42000 | ||
| 082 | |a 620.112 | ||
| 082 | |b Ng527 | ||
| 100 | |a Phạm, Ngọc Nguyên | ||
| 245 | 0 | |a Giáo trình phương pháp kiểm tra không phá hủy kim loại bằng tia Rơnghen và Gamma | |
| 245 | 0 | |c Phạm Ngọc Nguyên, Phạm Khắc Hùng | |
| 260 | |a Hà Nội | ||
| 260 | |b Khoa học và Kỹ thuật | ||
| 260 | |c 2009 | ||
| 520 | |a Nội dung giới thiệu cách thăm dò khuyết tật kim loại bằng tia Rơnghen, Gamma, kỹ thuật chụp ảnh phóng xạ, kỹ thuật an toàn. | ||
| 650 | |a Engineering materials,Kỹ nghệ vật liệu | ||
| 904 | |i QHieu | ||
| 980 | |a Trung tâm Học liệu Trường Đại học Cần Thơ | ||